| 000 | 00700nam a22002057a 4500 | ||
|---|---|---|---|
| 999 |
_c193760 _d193760 |
||
| 005 | 20221115122238.0 | ||
| 010 | _aUR-11769 | ||
| 020 |
_a9789390533596 _c200.00 |
||
| 035 | _aU-10324 | ||
| 037 |
_bDBAD/PUB _a- |
||
| 082 | _a841 | ||
| 100 | _aانور آفاقی | ||
| 245 |
_aلمسوں کی خوشبو / _cانور آفاقی _hا ر د و |
||
| 246 |
_aFragrance of palpability / _bby Anwar Afaqi ; tr. by Mahmood Ahmad Karimi |
||
| 260 |
_aNew Delhi _bEducational Publishing House _c2020 ء |
||
| 270 |
_aH.O. D1/16, Ansari Road, Daryaganj _bNew Delhi _e110002 |
||
| 300 |
_a80 ص _c22cm(pbk) |
||
| 700 | _aمحمود احمد کریمی | ||
| 942 |
_2ddc _cUR _h841 _mا ن و |
||